Memories of My Village Legends of My Time/ (Record no. 211788)

MARC details
000 -LEADER
fixed length control field 00615nam a22002057a 4500
005 - DATE AND TIME OF LATEST TRANSACTION
control field 20250613114050.0
010 ## - LCCN (DPL NO)
LC control number ENG-145355
020 ## - INTERNATIONAL STANDARD BOOK NUMBER
International Standard Book Number 9788182941083
Terms of availability 200.00
035 ## - SYSTEM CONTROL NUMBER
System control number EN-128887
037 ## - SOURCE OF ACQUISITION
Source of stock number/acquisition DBAD
082 ## - DEWEY DECIMAL CLASSIFICATION NUMBER
Classification number 230.35
Edition number 1
100 ## - MAIN ENTRY--PERSONAL NAME
Personal name Rao, Venkateswara
245 ## - TITLE STATEMENT
Title Memories of My Village Legends of My Time/
Statement of responsibility, etc Venkateswara Rao [and] Mallampati
250 ## - EDITION STATEMENT
Edition statement 1
260 ## - PUBLICATION, DISTRIBUTION, ETC. (IMPRINT)
Place of publication, distribution, etc Kolkata
Name of publisher, distributor, etc Alakananda publishers
Date of publication, distribution, etc 2021
270 ## - ADDRESS
Address 35/3 Beniatola lane
City Kolkata
Postal code 700009
300 ## - PHYSICAL DESCRIPTION
Extent 269p.
Dimensions 22cm(pb)
700 ## - ADDED ENTRY--PERSONAL NAME
Personal name Mallampati
Relator term Author
9 (RLIN) 81987
942 ## - ADDED ENTRY ELEMENTS (KOHA)
Source of classification or shelving scheme Dewey Decimal Classification
Item type English Books
Classification part 230.35
Call number suffix RAO
Holdings
Withdrawn status Lost status Not for loan Collection code Home library Current library Date acquired Source of acquisition Cost, normal purchase price Full call number Barcode Copy number Cost, replacement price Koha item type
      Non-fiction RC3 Shakur Pur RC3 Shakur Pur 13/06/2025 Delivery of Books Act Division 200.00 230.35 RAO EN-128887 1 200.00 English Books

© Delhi Public Library
Hit Counter
free hit counter